Obdulio / (Record no. 112875)

MARC details
000 -LEADER
campo de control de longitud fija 00914nam a2200277 i 4500
001 - NÚMERO DE CONTROL
campo de control 112875
003 - IDENTIFICADOR DE NÚMERO DE CONTROL
campo de control SpMaBN
005 - FECHA Y HORA DE LA ÚLTIMA TRANSACCIÓN
campo de control 20230906185703.0
008 - DATOS DE LONGITUD FIJA--INFORMACIÓN GENERAL
campo de control de longitud fija 170316s1991 sp acf |||| |dspa d
020 ## - NÚMERO INTERNACIONAL ESTÁNDAR DEL LIBRO
Número Internacional Estándar del Libro 84-88186-01-0
080 ## - NÚMERO DE LA CLASIFICACIÓN DECIMAL UNIVERSAL
Número de la Clasificación Decimal Universal 74 Obdulio
100 1# - ENTRADA PRINCIPAL--NOMBRE DE PERSONA
Nombre de persona Fuertes Sánchez, Obdulio.
9 (RLIN) 52971
245 10 - MENCIÓN DEL TÍTULO
Título Obdulio /
Mención de responsabilidad, etc. Rosa Martínez de Lahidalga.
246 36 - FORMA VARIANTE DEL TITULO
Título propio/Titulo breve Dibujos de Obdulio
Resto del título : la conversión de la existencia cotidiana en sueño creador
246 3# - FORMA VARIANTE DEL TITULO
Título propio/Titulo breve Formas plásticas
260 ## - PUBLICACIÓN, DISTRIBUCIÓN, ETC.
Lugar de publicación, distribución, etc. Madrid :
Nombre del editor, distribuidor, etc. MRD Grupo,
Fecha de publicación, distribución, etc. [1991]
300 ## - DESCRIPCIÓN FÍSICA
Extensión 63 p. :
Otras características físicas il., retr., fot. ;
Dimensiones 25 cm.
490 1# - MENCIÓN DE SERIE
Mención de serie Esquemas
594 ## - Nota al título y mención de responsabilidad
Nota al título y mención de responsabilidad Datos tomado de sobrecub.
595 ## -
-- Suplemento de: Formas plásticas, n. 44.
600 17 - PUNTO DE ACCESO ADICIONAL DE MATERIA--NOMBRE DE PERSONA
Nombre de persona Fuertes Sánchez, Obdulio.
9 (RLIN) 52971
700 1# - ENTRADA AGREGADA--NOMBRE PERSONAL
Nombre de persona Martínez de Lahidalga, Rosa.
9 (RLIN) 162095
830 0# - PUNTO DE ACCESO ADICIONAL DE SERIE-TÍTULO UNIFORME
Título uniforme Esquemas
9 (RLIN) 181678
852 ## - LOCALIZACIÓN
Ubicación ES-MaACL
Número de control de estantería L-31285
Nota libre - enc. cart.
Holdings
Estatus retirado Estado de pérdida Estado de daño No para préstamo Biblioteca de origen Biblioteca actual Ubicación en estantería Fecha de adquisición Fuente de adquisición Total de préstamos Signatura topográfica completa Código de barras Visto por última vez Precio de reemplazo Tipo de ítem Koha
        Biblioteca del Ateneo de Madrid Biblioteca del Ateneo de Madrid Depósito 2 16/03/2017     L-31285 1197238 23/02/2023 23/02/2023 Libro impreso